Statystyki dla Terytoria niesamodzielne ONZ

Kliknij tutaj aby rozwiązać quiz!

Ogólne statystyki

  • Ten quiz został rozwiązany 8 razy
  • Średni wynik to 6 z 17

Statystyki odpowiedzi

KontynentTerytorium% Poprawnych
AfrykaSahara Zachodnia
75%
OceaniaGuam
63%
Ameryka PółnocnaBermudy
50%
EuropaGibraltar
50%
OceaniaSamoa Amerykańskie
50%
Ameryka PołudniowaFalklandy
38%
Ameryka PółnocnaAnguilla
25%
Ameryka PółnocnaBrytyjskie Wyspy Dziewicze
25%
Ameryka PółnocnaKajmany
25%
Ameryka PółnocnaMontserrat
25%
OceaniaNowa Kaledonia
25%
OceaniaPolinezja Francuska
25%
AfrykaWyspa Św. Heleny
25%
Ameryka PółnocnaWyspy Dziewicze USA
25%
OceaniaTokelau
13%
Ameryka PółnocnaTurks i Caicos
13%
OceaniaPitcairn
0%

Rozkład punktacji

Percentyl według liczby udzielonych odpowiedzi

Procent ludzi z każdym wynikiem

Twoja historia wyników

Nie rozwiązałeś tego quizu